000 01288nam a2200409 c 4500
001 19152
003 ES-MaCES
005 20141221122603.0
008 060801s2006 sp l 000 | spa d
017 _aNA 1564-2006
_bDL
020 _a844702590X
035 _aCES20060010191m
040 _aES-MaCES
_bspa
_cES-MaCES
110 1 _aEspaña
_tLeyes, etc., de sociedades
_93124
245 1 0 _aSociedades mercantiles
250 _a9ª ed
260 _aCizur Menor (Navarra9
_bThomson Civitas
_c2006
300 _a460 p.
_c16 cm
490 1 _aBiblioteca de legislación
_v105. Serie menor
500 _aÍndices
541 _cCompra
650 4 _asociedades
_930766
650 4 _asociedades anónimas laborales
_931654
650 4 _asociedades de responsabilidad limitada
_931087
650 4 _aderecho mercantil
_927157
650 4 _aEspaña
_926964
650 4 _alegislación
_927153
650 4 _atexto
_929624
653 1 0 _aLegislación
775 0 _tSociedades mercantiles
_w(ES-MaCES)20676
775 0 _tSociedades mercantiles
_w(ES-MaCES)17054
830 0 _aBiblioteca de legislación
_v105
_932132
830 0 _aBiblioteca de legislación
_pSerie menor
_932133
902 _aLIB Libro
942 _2CES
_cBK
_h6.1.
999 _c19152
_d19152